000
00247nam a2200097Ia 4500
008
230508s1994 xx 000 0 und d
041
_a
eng
100
_a
ABBOTT MM & VANNESS H.C.
245
_a
THEORY AND PROBLEMS OF THERMODYNAMICS.
260
_c
1994
999
_c
316832
_d
316832